Memoria 3er. congreso internacional IDEICE, 2012. (Record no. 8838)

MARC details
000 -LEADER
campo de control de longitud fija 00826nam a2200217Ia 4500
001 - NÚMERO DE CONTROL
campo de control 3737
003 - IDENTIFICADOR DE NÚMERO DE CONTROL
campo de control OSt
005 - FECHA Y HORA DE LA ÚLTIMA TRANSACCIÓN
campo de control 20250224091515.0
008 - DATOS DE LONGITUD FIJA--INFORMACIÓN GENERAL
campo de control de longitud fija 241024s2012 dr adcofrb o001 0cund d
020 ## - NÚMERO INTERNACIONAL ESTÁNDAR DEL LIBRO
Número Internacional Estándar del Libro 2307-2393
040 ## - FUENTE DE CATALOGACIÓN
Centro catalogador/agencia de origen CGID009
Lengua de catalogación spa
Centro/agencia transcriptor CGID009
Normas de descripción rda
082 04 - NÚMERO DE LA CLASIFICACIÓN DECIMAL DEWEY
Número de clasificación RD/371.3/R426m/2012/2
Información de edición 21
110 ## - ENTRADA PRINCIPAL--NOMBRE DE ENTIDAD CORPORATIVA
Nombre de entidad corporativa o nombre de jurisdicción como elemento de entrada República Dominicana. Ministerio de Educación. Instituto Dominicano de Evaluación e Investigación de la Calidad Educativa (IDEICE)
245 #0 - MENCIÓN DEL TÍTULO
Título Memoria 3er. congreso internacional IDEICE, 2012.
Mención de responsabilidad, etc. Instituto Dominicano de Evaluación e Investigación de la Calidad Educativa
260 ## - PUBLICACIÓN, DISTRIBUCIÓN, ETC.
Nombre del editor, distribuidor, etc. Santo Domingo
Fecha de publicación, distribución, etc. 2012
650 ## - PUNTO DE ACCESO ADICIONAL DE MATERIA--TÉRMINO DE MATERIA
Término de materia o nombre geográfico como elemento de entrada Memoria
710 ## - ENTRADA AGREGADA--NOMBRE DE ENTIDAD CORPORATIVA
Nombre de entidad corporativa o nombre de jurisdicción como elemento de entrada Instituto Dominicano de Evaluación e Investigación de la Calidad Educativa (IDEICE)
901 ## - ELEMENTOS DE DATOS A LOCAL LDA (RLIN)
a 20/3/2014 10:50:02 a.m.
942 ## - ELEMENTOS DE ENTRADA SECUNDARIOS (KOHA)
Fuente de la clasificación o esquema de estantería Clasificación Decimal Dewey
Tipo de ítem Koha Libros
Suprimir en OPAC No
Holdings
Estatus retirado Estado de pérdida Fuente de la clasificación o esquema de estantería Estado de daño No para préstamo Biblioteca de origen Biblioteca actual Fecha de adquisición Total de préstamos Signatura topográfica completa Visto por última vez Identificador uniforme de recursos Precio de reemplazo Tipo de ítem Koha
    Clasificación Decimal Dewey     Repositorio IDEICE Repositorio IDEICE 05/02/2025   RD/371.3/R426m/2012/2 05/02/2025 https://ideice.gob.do/documentacion/publicaciones-id-p1-31-memoria-3er-congreso-internacional-ideice-2012 05/02/2025 Libros

© 2024. Todos los Derechos Reservados. Desarrollado por IDEICE